Higghlights of Modern Literature / (Record no. 186085)

000 -LEADER
fixed length control field 00583 a2200157 4500
003 - CONTROL NUMBER IDENTIFIER
control field Nust
005 - DATE AND TIME OF LATEST TRANSACTION
control field 20230330113332.0
040 ## - CATALOGING SOURCE
Transcribing agency Nust
082 ## - DEWEY DECIMAL CLASSIFICATION NUMBER
Classification number 897,HIG
245 ## - TITLE STATEMENT
Title Higghlights of Modern Literature /
Statement of responsibility, etc. Editor: Francis Brown
260 ## - PUBLICATION, DISTRIBUTION, ETC.
Place of publication, distribution, etc. London
Date of publication, distribution, etc. 1954
300 ## - PHYSICAL DESCRIPTION
Extent 240:p
505 ## - FORMATTED CONTENTS NOTE
Formatted contents note Part.1 On Books (Page-13), Part.2 On Writers and Writing (Page-25), Part.3 Appraisals and Reappraisals (Page-95), Part.4 On Poetry (Page-150), Part.5 On History and Biography (Page-191), Part.6 Some Names Remembered (Page-220).
650 ## - SUBJECT ADDED ENTRY--TOPICAL TERM
Topical term or geographic name entry element Modern Literature
9 (RLIN) 111584
942 ## - ADDED ENTRY ELEMENTS (KOHA)
Source of classification or shelving scheme
Koha item type Book
Holdings
Withdrawn status Lost status Source of classification or shelving scheme Damaged status Not for loan Permanent Location Current Location Shelving location Date acquired Full call number Barcode Date last seen Price effective from Koha item type Public note
          Military College of Signals (MCS) Military College of Signals (MCS) General Stacks 12/12/2016 897,HIG MCS29055 12/08/2016 12/12/2016 Book Almirah No.75, Shelf No.4
© 2023 Central Library, National University of Sciences and Technology. All Rights Reserved.